Estudio de los procesos mentales en el entorno penitenciario. Relevancia y aplicación contemporánea de la prueba de asociaciones de palabras (notice n° 1571064)
[ vue normale ]
| 000 -LEADER | |
|---|---|
| fixed length control field | 01812cam a2200217 4500500 |
| 005 - DATE AND TIME OF LATEST TRANSACTION | |
| control field | 20251214020540.0 |
| 041 ## - LANGUAGE CODE | |
| Language code of text/sound track or separate title | fre |
| 042 ## - AUTHENTICATION CODE | |
| Authentication code | dc |
| 100 10 - MAIN ENTRY--PERSONAL NAME | |
| Personal name | Nieuviarts, Nicolas |
| Relator term | author |
| 245 00 - TITLE STATEMENT | |
| Title | Estudio de los procesos mentales en el entorno penitenciario. Relevancia y aplicación contemporánea de la prueba de asociaciones de palabras |
| 260 ## - PUBLICATION, DISTRIBUTION, ETC. | |
| Date of publication, distribution, etc. | 2025.<br/> |
| 500 ## - GENERAL NOTE | |
| General note | 39 |
| 520 ## - SUMMARY, ETC. | |
| Summary, etc. | Este artículo examina la eficacia y la pertinencia de la prueba de asociaciones verbales en el contexto del seguimiento psicológico en el entorno penitenciario. En este estudio se analizaron 1700 asociaciones verbales recopiladas entre diecisiete reclusos de un centro penitenciario francés. A continuación, se compararon los resultados, utilizando técnicas estadísticas, con los obtenidos en las investigaciones de Guibert y Martin-Tur (2018) y de Jung y Riklin (1904). Esta comparación tiene como objetivo evaluar la sensibilidad de la prueba en contextos de vida significativamente diferentes. Los resultados de esta investigación ponen de relieve el papel potencial de los complejos psicoafectivos en el seguimiento psicológico de los reclusos, ya que actúan a la vez como indicadores y como elementos estructurantes del proceso asociativo. Además, la prueba de asociaciones verbales, por su carácter lúdico, también parece facilitar y aumentar el compromiso de los reclusos con el psicólogo. |
| 700 10 - ADDED ENTRY--PERSONAL NAME | |
| Personal name | Guibert, Émile |
| Relator term | author |
| 700 10 - ADDED ENTRY--PERSONAL NAME | |
| Personal name | Holtzman, Wayne |
| Relator term | author |
| 700 10 - ADDED ENTRY--PERSONAL NAME | |
| Personal name | Kokou-Kpolou, Kossigan |
| Relator term | author |
| 700 10 - ADDED ENTRY--PERSONAL NAME | |
| Personal name | Masson, Joanic |
| Relator term | author |
| 700 10 - ADDED ENTRY--PERSONAL NAME | |
| Personal name | Bernoussi, Amal |
| Relator term | author |
| 786 0# - DATA SOURCE ENTRY | |
| Note | Bulletin de psychologie | 590 | 4 | 2025-10-06 | p. 3-15 | 0007-4403 |
| 856 41 - ELECTRONIC LOCATION AND ACCESS | |
| Uniform Resource Identifier | <a href="https://shs.cairn.info/revista-bulletin-de-psychologie-2025-4-page-3?lang=es&redirect-ssocas=7080">https://shs.cairn.info/revista-bulletin-de-psychologie-2025-4-page-3?lang=es&redirect-ssocas=7080</a> |
Pas d'exemplaire disponible.




Réseaux sociaux